| Tag |
First Indicator |
Second Indicator |
Subfields |
| LEADER |
00000cam a2200000Ia 4500 |
| 001 |
in00002575868 |
| 005 |
20210727154757.0 |
| 006 |
m d |
| 007 |
cr cn| |
| 008 |
100330s2009 nyuab sb 001 0 eng d |
| 020 |
|
|
|a 0387094393
|
| 020 |
|
|
|a 9780387094397
|
| 035 |
|
|
|a (OCoLC)587434274
|
| 035 |
|
|
|a (OCoLC)ocn587434274
|
| 035 |
|
|
|a 3706765
|
| 037 |
|
|
|a 978-0-387-09438-0
|b Springer
|n http://www.springerlink.com
|
| 040 |
|
|
|a GW5XE
|b eng
|c GW5XE
|d UtOrBLW
|
| 049 |
|
|
|a TXAC
|
| 050 |
1 |
4 |
|a RJ254
|b .P474 2009eb
|
| 060 |
1 |
4 |
|a 2009 A-685
|
| 060 |
1 |
4 |
|a WQ 240
|b P445 2009
|
| 082 |
0 |
4 |
|a 618.3/2
|2 22
|
| 245 |
0 |
0 |
|a Perinatal epidemiology for public health practice /
|c Melissa M. Adams [and others].
|
| 264 |
|
1 |
|a New York :
|b Springer,
|c [2009]
|
| 264 |
|
4 |
|c ©2009
|
| 300 |
|
|
|a x, 303 pages :
|b illustrations, maps ;
|c 25 cm.
|
| 336 |
|
|
|a text
|b txt
|2 rdacontent
|
| 337 |
|
|
|a computer
|b c
|2 rdamedia
|
| 338 |
|
|
|a online resource
|b cr
|2 rdacarrier
|
| 500 |
|
|
|a Electronic resource.
|
| 504 |
|
|
|a Includes bibliographical references and index.
|
| 533 |
|
|
|a Electronic reproduction.
|b New York :
|c Springer,
|d 2010.
|n Mode of access: World Wide Web.
|n System requirements: Web browser.
|n Title from title screen (viewed on Mar. 11, 2010).
|n Access may be restricted to users at subscribing institutions.
|
| 650 |
|
0 |
|a Epidemiology.
|0 http://id.loc.gov/authorities/subjects/sh85044373
|
| 650 |
|
0 |
|a Newborn infants
|x Diseases.
|0 http://id.loc.gov/authorities/subjects/sh85066052
|
| 650 |
|
0 |
|a Pregnancy
|x Complications.
|0 http://id.loc.gov/authorities/subjects/sh85106287
|
| 650 |
|
2 |
|a Infant, Newborn, Diseases
|x mortality.
|0 https://id.nlm.nih.gov/mesh/D007232Q000401
|
| 650 |
|
2 |
|a Pregnancy Complications
|x mortality.
|0 https://id.nlm.nih.gov/mesh/D011248Q000401
|
| 650 |
|
2 |
|a Public Health.
|0 https://id.nlm.nih.gov/mesh/D011634
|
| 650 |
|
7 |
|a Complicações na gravidez (mortalidade)
|2 larpcal
|
| 650 |
|
7 |
|a Complicações na gravidez.
|2 larpcal
|
| 650 |
|
7 |
|a Doenças do recém-nascido (mortalidade)
|2 larpcal
|
| 650 |
|
7 |
|a Epidemiologia.
|2 larpcal
|
| 650 |
|
7 |
|a SAÚDE PÚBLICA.
|2 larpcal
|
| 655 |
|
7 |
|a Electronic books.
|2 local
|
| 700 |
1 |
|
|a Adams, Melissa Manners.
|0 http://id.loc.gov/authorities/names/n87830674
|
| 710 |
2 |
|
|a SpringerLink (Online service)
|0 http://id.loc.gov/authorities/names/no2005046756
|
| 776 |
1 |
|
|c Original
|z 9780387094380
|z 0387094385
|z 9780387094397
|z 0387094393
|w (DLC) 2008938908
|w (OCoLC)233933888
|
| 856 |
4 |
0 |
|u http://proxy.library.tamu.edu/login?url=https://dx.doi.org/10.1007/978-0-387-09439-7
|z Connect to the full text of this electronic book
|t 0
|
| 994 |
|
|
|a 92
|b TXA
|
| 999 |
|
|
|a MARS
|
| 999 |
f |
f |
|s 75eeebd3-5ce8-396a-a3a2-bc661162bfe4
|i 19fe6d54-b787-30db-a4a8-23d4b4e6c16b
|t 0
|
| 952 |
f |
f |
|a Texas A&M University
|b College Station
|c Electronic Resources
|d Available Online
|t 0
|e RJ254 .P474 2009eb
|h Library of Congress classification
|
| 998 |
f |
f |
|a RJ254 .P474 2009eb
|t 0
|l Available Online
|